| 000 | 01844cam a22003371i 4500 | ||
|---|---|---|---|
| 003 | SA-RiAUC | ||
| 005 | 20250512093054.0 | ||
| 008 | 250512s2001 le h g b 001 0 ara c | ||
| 020 | _a2745131540 | ||
| 040 |
_aJO-IrYU _bara _cSA-RiAUC _erda |
||
| 043 | _aa-su--- | ||
| 050 | 4 | _bT37 2001 | |
| 082 | 0 | 4 |
_a953.121 _qSA-RiAUC |
| 090 |
_a953.121 _b ت ق ي |
||
| 100 | 1 |
_aالتقي الفاسي، محمد بن أحمد بن علي، _d775-832 هجري _eمؤلف. |
|
| 245 | 1 | 2 |
_aالزهور المقتطفة من تاريخ مكة المشرفة / _cتأليف تقي الدين أبي الطيب محمد بن أحمد بن علي الفاسي. ويليه مناظرة أهل البدع في القرآن / تأليف موفق الدين أبي محمد أبي قدامة المقدسي ؛ تحقيق محمد حسن إسماعيل. |
| 250 | _aالطبعة الأولى. | ||
| 264 | 1 |
_aبيروت : _bدار الكتب العلمية، _c2001 |
|
| 300 |
_a167، 55 صفحة : _bمثيليات ؛ _c24 سم |
||
| 336 |
_aنص _btxt _2rdacontent _3كتاب |
||
| 337 |
_aبدون وسيط _bn _2rdamedia |
||
| 338 |
_aمجلد _bnc _2rdacarrier |
||
| 500 | _aكشاف : صفحة 53-167. | ||
| 504 | _aيشتمل على إرجاعات ببليوجرافية. | ||
| 651 | 7 |
_aمكة المكرمة _xتاريخ _yعصر صدر الإسلام، 13 قبل الهجرة-41 هجري _2aucsh |
|
| 700 | 1 |
_aالشافعي، محمد حسن محمد حسن إسماعيل _eمحقق. |
|
| 700 | 1 | 2 |
_iتحقيق لـ : _aالتقي الفاسي، محمد بن أحمد بن علي، _d775-832 هجري. _tالزهور المقتطفة من تاريخ مكة المشرفة |
| 700 | 1 | 2 |
_iمع : _aابن قدامة، عبد الله بن أحمد، _d541-620 هجري |
| 942 |
_2ddc _cBOOK _n0 |
||
| 949 |
_aSA-JeALM _d250512 _umohamedma123 _n1 |
||
| 999 |
_c7858 _d7858 |
||